00926cam a2200289 a 4500001001000000003000600010005001700016008004100033020002100074020002100095020002200116040002100138050002200159100002800181245009000209250001300299260004600312300003800358500002000396505008500416650001900501650002800520700002000548740002700568740002300595740001800618011023140UkOxU20220421113604.0940712s1994 enka 001 0 eng d a0192621955 (v.1) a0192615181 (v.2) a019261519X (v. 3) cALUPE UNIVERSITY aQM23.2b.M33 19881 aMacKinnon, Pamela C. B.10aOxford textbook of functional anatomy /cby Pamela C.B. MacKinnon and John F. Morris. aRev. ed. aOxford :bOxford University Press,cc1988 a138p.bill. (some col.) ;c28 cm. aIncludes index.0 av. 1. Musculoskeletal system -- v. 2. Thorax and abdomen -- v. 3. Head and neck. 0aHuman anatomy. 0aMusculoskeletal system.1 aMorris, John F.02aMusculoskeletal system02aThorax and abdomen02aHead and neck